| 000 | 01002nam0a22002411 4500 | ||
|---|---|---|---|
| 001 | rc\400135 | ||
| 005 | 20260407101620.0 | ||
| 035 | _a(NLR Aleph) 005649006 | ||
| 090 |
_a6750901 _c6750901 |
||
| 100 | _a20030616d1989 |||y0rusy50 ca | ||
| 101 | 0 | _arus | |
| 102 | _aRU | ||
| 105 | _ay ||||||||| | ||
| 200 | 1 |
_aАктивные формы организации уроков русского языка _e(Метод. рекомендации) _fЛенингр. гос. пед. ин-т им. А.И. Герцена _g[Сост. А.И. Якимович] |
|
| 210 |
_aЛ. _cЛГПИ _d1989 |
||
| 215 |
_a56 с. _d20 |
||
| 702 | 1 |
_4220 _7ca _8rus _aЯкимович _bА. И. _gАлександра Ивановна _3RU\NLR\AUTH\770279960 _92651927 |
|
| 712 | 0 | 2 |
_aЛенинградский педагогический институт им. А. И. Герцена _3RU\NLR\AUTH\889929135 _9353792 |
| 801 | 0 |
_aRU _bNLR _gpsbo |
|
| 801 | 1 |
_aRU _bELAR _2rusmarc |
|
| 852 |
_aNLR _j89-4/16766 |
||
| 942 | _cBOOK | ||
| 980 | _aNB | ||